El Pert / (Registro nro. 6119)
[ vista simple ]
| 000 -LEADER | |
|---|---|
| fixed length control field | 00794nam a2200253Ia 4500 |
| 003 - CONTROL NUMBER IDENTIFIER | |
| control field | OSt |
| 005 - DATE AND TIME OF LATEST TRANSACTION | |
| control field | 20201029213709.0 |
| 008 - FIXED-LENGTH DATA ELEMENTS--GENERAL INFORMATION | |
| fixed length control field | 191128s1971 mx ad gr 000 0 spa d |
| 020 ## - INTERNATIONAL STANDARD BOOK NUMBER | |
| International Standard Book Number | 9681801083 |
| 040 ## - CATALOGING SOURCE | |
| Original cataloging agency | CO-JMCR |
| Transcribing agency | CO-JMCR |
| 041 0# - LANGUAGE CODE | |
| Language code of text/sound track or separate title | spa |
| 082 04 - DEWEY DECIMAL CLASSIFICATION NUMBER | |
| Classification number | 658.4032 / |
| Item number | C697e |
| Edition number | 23 |
| 100 1# - MAIN ENTRY--PERSONAL NAME | |
| Personal name | Collantes Díaz, A., |
| Relator term | autor |
| 9 (RLIN) | 12256 |
| 245 13 - TITLE STATEMENT | |
| Title | El Pert / |
| Statement of responsibility, etc. | A. Collantes Díaz |
| 250 ## - EDITION STATEMENT | |
| Edition statement | Primera edición |
| 260 ## - PUBLICATION, DISTRIBUTION, ETC. | |
| Place of publication, distribution, etc. | México : |
| Name of publisher, distributor, etc. | Editorial Limusa, |
| Date of publication, distribution, etc. | 1971. |
| 300 ## - PHYSICAL DESCRIPTION | |
| Extent | 141 páginas : |
| Other physical details | gráficos a blanco y negro ; |
| Dimensions | 17 cm. |
| 490 0# - SERIES STATEMENT | |
| Series statement | Qué es y para qué |
| 504 ## - BIBLIOGRAPHY, ETC. NOTE | |
| Bibliography, etc. note | Bibliografía: página 137. |
| 505 0# - FORMATTED CONTENTS NOTE | |
| Formatted contents note | Descripción del sistema -- Camino crítico |
| 650 24 - SUBJECT ADDED ENTRY--TOPICAL TERM | |
| Topical term or geographic name entry element | Análisis de redes |
| 9 (RLIN) | 12257 |
| 650 24 - SUBJECT ADDED ENTRY--TOPICAL TERM | |
| Topical term or geographic name entry element | Técnicas de evaluación Planificación |
| 9 (RLIN) | 12258 |
| 942 ## - ADDED ENTRY ELEMENTS (KOHA) | |
| Source of classification or shelving scheme | Dewey Decimal Classification |
| Koha item type | Books |
| Withdrawn status | Lost status | Source of classification or shelving scheme | Materials specified (bound volume or other part) | Damaged status | Not for loan | Home library | Current library | Shelving location | Date acquired | Source of acquisition | Total Checkouts | Full call number | Barcode | Date last seen | Date last checked out | Copy number | Price effective from | Koha item type |
|---|---|---|---|---|---|---|---|---|---|---|---|---|---|---|---|---|---|---|
| Dewey Decimal Classification | Donación--15/04/2018-- | Biblioteca Pública José María del Castillo y Rada | Biblioteca Pública José María del Castillo y Rada | General Stacks | 11/28/2019 | Donación | 2 | 658.4032 / C697e | 430012053 | 09/19/2024 | 09/18/2024 | Ej.1 | 11/28/2019 | Books |